| 000 | 00428nam a22001697a 4500 | ||
|---|---|---|---|
| 005 | 20251108164735.0 | ||
| 008 | 250721s1996 xx 000 0 ara d | ||
| 082 | 1 | 4 | _a808.1/عبا |
| 100 | 1 | _aعباس، إحسان | |
| 245 | 1 | 0 | _aفن الشعر / |
| 264 | 1 |
_aبيروت : _bدار صادر، _c1996. |
|
| 300 | _a237ص. | ||
| 650 | 1 | 7 | _aكتابة الشعر |
| 650 | 1 | 7 | _aالشعر |
| 942 |
_2ddc _cBK |
||
| 999 |
_c13186 _d13186 |
||